00667 2200241 4500001002100000005001500021035002000036007000300056008004100059020002100100082000800121084001300129100003500142245008100177250001000258260003700268300003200305650002100337700002800358700001700386990001100403990001100414INLIS00000000000338420090102062924 a0010-0109000047ta090102 g 0 ind  a978-602-665-33-6 a510 a510 KUM0 aKUMPULAN, Rumus Matematika IPA1 aKumpulan Rumus Matematika IPA /cBright Learning Center; editor, Puput Alvia acet.1 a[s.l] :bBright Publisher,c2017 a100 hlm. :bilus. ;c21 cm. 4aMATEMATIKA.RUMUS0 aBRIGHT, Learning Center0 aPUPUT, Alvia a6662 a a6662 b